000 00335 a2200109 4500
020 _a0070602190
082 _a515.2433 SPI
100 _aSpiegel, Murray R.
245 _aFourier Analysis with Applications to Boundary Value problems
_cMurray R. Spiegel
260 _aNew York :
_bMcGraw Hill,
_c1974
300 _a181p. :
_bill ., ;
_c28 cm
650 _aFourier analysis
999 _c495
_d495